Statistics for Real Madrid Trivia

Click here to take the quiz!

General Stats

  • This quiz has been taken 1,914 times
    (529 since last reset)
  • The average score is 12 of 15

Answer Stats

QuestionAnswer% Correct
Which Portuguese is Real Madrid’s all-time top goalscorer with 450?Cristiano Ronaldo
98%
Who is the current head coach of Real Madrid?Carlo Ancelotti
94%
Which maverick Frenchman managed Real Madrid to a hat-trick of UEFA Champions League titles in the 2010s, having also won it with the club as a player?Zinedine Zidane
93%
What is the name of Real Madrid’s stadium?Estadio {Santiago} {Bernabéu}
88%
Which Welshman joined Real Madrid for a then-world record transfer fee of £85.1m in 2013?Gareth Bale
88%
What is the name of the Portuguese winger, who joined Real Madrid from bitter rivals Barcelona in 2000?Luís Figo
88%
With which club does Real Madrid contest El Derbi Madrileño?Atlético Madrid
87%
Who is Real Madrid’s record signing, arriving from Chelsea for £89m in 2019?Eden Hazard
87%
What is Real Madrid’s nickname?Los {Merengues}
87%
Which legendary Hungarian provided 367 goal contributions in 262 matches for Real Madrid?Ferenc Puskás
83%
Which Brazilian is the most decorated player in Real Madrid history with 25 trophies?Marcelo
79%
Who was the first Real Madrid player to win the Ballon d’Or, picking up the award in 1957 and 1959?Alfredo Di Stéfano
76%
Which Spaniard holds the Real Madrid appearance record with 741?Raúl
72%
What was the nickname given to the team of international superstars assembled by Real Madrid in the 2000s?Los {Galácticos}
67%
What is the name of Real Madrid’s longest-serving manager, totalling 604 matches across 15 years?Miguel Muñoz
17%

Score Distribution

Percentile by Number Answered

Percent of People with Each Score

Your Score History

You have not taken this quiz since the last reset